| 000 | 01031nam a2200301 i 4500 | ||
|---|---|---|---|
| 001 | 92579 | ||
| 003 | ES-MaACL | ||
| 005 | 20230906181014.0 | ||
| 007 | t| | ||
| 008 | 050404s2004 sp ||||1| spa d | ||
| 020 | _a84-7522-882-8 | ||
| 080 | _a821.134.2.09"19" | ||
| 080 | _a821.134.2(7/8).09"19" | ||
| 080 | _a159.933(0:82) | ||
| 245 | 0 | 3 |
_aLa poética de la mirada / _cYvette Sánchez, Roland Spiller [editores]. |
| 260 |
_aMadrid : _bVisor Libros, _c[2004] |
||
| 300 |
_a232 p. ; _c21 cm. |
||
| 490 | 1 |
_aBiblioteca filológica hispana ; _v82 |
|
| 504 | _aIncluye referencias bibliográficas. | ||
| 650 | 4 |
_aLiteratura española- _yS.XX- _xHistoria y crítica. _9141686 |
|
| 650 | 1 | 4 |
_aSentidos- _xEn la literatura. _917047 |
| 650 | 1 | 4 |
_aLiteratura hispanoamericana- _yS.XX- _xHistoria y crítica. _914614 |
| 700 | 1 |
_aSánchez, Yvette. _9102433 |
|
| 700 | 1 |
_aSpiller, Roland. _9107732 |
|
| 830 | 0 |
_aBiblioteca filológica hispana ; _v82 _9179654 |
|
| 852 |
_aES-MaACL _jE-10921 _bR.135711 |
||
| 999 |
_c92579 _d92579 |
||